| 000 | 00776nam a2200193 a 4500 | ||
|---|---|---|---|
| 005 | 20210219160536.0 | ||
| 008 | 081110s1961 mx r 000 0 spa d | ||
| 035 | _aUPN01000167525 | ||
| 049 | _aUNE | ||
| 080 | _a37.001.5 (569.4) =20 EVA No.42. | ||
| 245 | 0 | 0 |
_aEvaluating educational achievements : _bsummaries of some studies carried out by the Henrietta Szold Institute on schooling in Israel / _cEditors M. Smilansky; L. Adar. |
| 260 |
_aParís : _bUNESCO, _c1961. |
||
| 300 |
_a46 p. : _bil. |
||
| 440 | 0 |
_aEducational studies and documents ; _v42 |
|
| 690 | _aInvestigacion educaciónal - Israel | ||
| 690 | _aEvaluacion de la educación - Orientacion pedagogica - Israel | ||
| 690 | _aIsrael - Orientacion pedagogica - Investigacion educacional | ||
| 905 | _aUNESCO | ||
| 999 |
_c139636 _d139636 |
||